Two-Word US States - Statistics

General Stats
  • This quiz has been taken 67 times
  • The average score is 10 of 10
Answer Stats
State % Correct
New York
98%
North Carolina
98%
North Dakota
98%
South Carolina
98%
New Hampshire
97%
South Dakota
97%
New Jersey
95%
New Mexico
95%
West Virginia
92%
Rhode Island
87%
No matching quizzes found
Score Distribution
Percent of People with Each Score
Percentile by Number Answered
Your Score History
You have not taken this quiz